Používanie elektronických registračných pokladníc od 1. januára 2012
Zmeny v zákone č. 331/2011 Z.z. (článok VIII) o používaní elektronických registračných pokladníc (ERP). Aký typ pokladnice je podnikateľ povinný používať od 1. januára 2012? Najdôležitejšie zmeny, ktoré prináša zákon o používaní ERP. Pokračovanie.
Uložené v:
| Hlavný autor: | |
|---|---|
| Ďalší autori: | |
| Médium: | Kapitola |
| Jazyk: | Slovak |
| Predmet: | |
| Tagy: |
Žiadne tagy, Buďte prvý, kto otaguje tento záznam!
|
MARC
| LEADER | 00000naa a2200000 4500 | ||
|---|---|---|---|
| 001 | 0146016 | ||
| 005 | 20231207110831.7 | ||
| 041 | 0 | |a slo | |
| 044 | |a SK | ||
| 245 | 1 | 0 | |a Používanie elektronických registračných pokladníc od 1. januára 2012 |c Janka Chorvátová, Miroslav Mečár |
| 520 | |a Zmeny v zákone č. 331/2011 Z.z. (článok VIII) o používaní elektronických registračných pokladníc (ERP). Aký typ pokladnice je podnikateľ povinný používať od 1. januára 2012? Najdôležitejšie zmeny, ktoré prináša zákon o používaní ERP. Pokračovanie. | ||
| 610 | 2 | 0 | |a pokladnice registračné |
| 610 | 2 | 0 | |a zákony |
| 610 | 2 | 0 | |a legislatíva |
| 610 | 2 | 0 | |a Slovensko |
| 100 | 1 | |a Chorvátová, Janka | |
| 700 | 1 | |a Mečár, Miroslav | |